| 000 | 00984nam a22002057a 4500 | ||
|---|---|---|---|
| 999 |
_c2923 _d2923 |
||
| 003 | AR-CdUCM | ||
| 008 | 190305b ||||| |||| 00| 0 spa d | ||
| 040 |
_aMUNICIPALIDAD PROVINCIAL DEL CUSCO _cBIBLIOTECA MUNICIPAL DEL CUSCO |
||
| 082 |
_a379 / _bD82 |
||
| 110 |
_aMinisterio de educación publica _96342 |
||
| 245 |
_aTres discursos del ministro de educación publica : _bEn la inauguración de la conferencia de ministros de educación, 3 de mayo de 1956 / |
||
| 260 |
_aLima : _bImprenta colegio militar Leóncio Prado, _c1956. |
||
| 300 |
_a42 paginas ; _c21 cm. |
||
| 505 | _aContenido :En la inauguración de la conferencia de ministros de educación, 3 de mayo de 1956 -- En el día del maestro, 6 de junio de 1956 -- En la inauguración del edificio del ministerio de educación del 17 de julio de 1956. | ||
| 650 |
_aLey del profesorado _910039 |
||
| 650 |
_aEducacional opcional _910040 |
||
| 650 |
_aMinisterio de educacion _96664 |
||
| 942 |
_2ddc _cLIBROS |
||
| 945 | _arum | ||